000 00587nam a2200217Ia 4500
003 OSt
005 20220928145532.0
006 a|||||r|||| 00| 0
007 ta
008 220927b |||||||| |||| 00| 0 eng d
024 _a81062
037 _cTextual
040 _aSDCL
_cSDCL
_beng
041 _2eng
_aeng
082 _aP15:3, N7
100 _aBelvalkar Shripad Krishna
_9513289
245 0 _aAccount of the different existing systems of Sanakrit grammar.
260 _c1997
942 _hP15:3, N7
_cTEXL
_2CC
999 _c833937
_d833937